Online Catalogue and eLibrary

Television and social change in rural India (Record no. 2961)

MARC details
000 -LEADER
fixed length control field 00458nam a2200181Ia 4500
005 - DATE AND TIME OF LATEST TRANSACTION
control field 20240806041625.0
008 - FIXED-LENGTH DATA ELEMENTS--GENERAL INFORMATION
fixed length control field 240331s9999 xx 000 0 und d
020 ## - INTERNATIONAL STANDARD BOOK NUMBER
ISBN 076199422X
082 ## - DDC Classification
Item Number - Author Mark JOH
Class No. 384.55
100 ## - MAIN ENTRY--PERSONAL NAME
Personal name Johnson, K
245 #0 - TITLE STATEMENT
Title Television and social change in rural India
260 ## - PUBLICATION, DISTRIBUTION, ETC.
Place of publication, distribution, etc. New delhi
Name of publisher, distributor, etc. Sage Publications India Pvt Ltd
Date of publication, distribution, etc. 2000
300 ## - PHYSICAL DESCRIPTION
Extent (e.g. Volumes, Pages etc.) 247 p .,
650 ## - SUBJECT ADDED ENTRY--TOPICAL TERM
Topical term or geographic name entry element Social
650 ## - SUBJECT ADDED ENTRY--TOPICAL TERM
Topical term or geographic name entry element Media
650 ## - SUBJECT ADDED ENTRY--TOPICAL TERM
Topical term or geographic name entry element Rural india
942 ## - Koha item type (Biblio)
Koha item type Books in Stacks (Lending)
Holdings
Lost status Damaged status Collection code Home library Current library Shelving location Date acquired Full call number Accession Number Item type
    Lending WERC Library WERC Library Social Science Cupboard 03/31/2024 384.55 JOH 4243 Books in Stacks (Lending)

© WERC Library